|
|
|
|
| LEADER |
05679nam a22004573i 4500 |
| 001 |
EBC5592289 |
| 003 |
MiAaPQ |
| 005 |
20231204023214.0 |
| 006 |
m o d | |
| 007 |
cr cnu|||||||| |
| 008 |
231204s2018 xx o ||||0 eng d |
| 020 |
|
|
|a 9789402412512
|q (electronic bk.)
|
| 020 |
|
|
|z 9789402412505
|
| 035 |
|
|
|a (MiAaPQ)EBC5592289
|
| 035 |
|
|
|a (Au-PeEL)EBL5592289
|
| 035 |
|
|
|a (OCoLC)1076258386
|
| 040 |
|
|
|a MiAaPQ
|b eng
|e rda
|e pn
|c MiAaPQ
|d MiAaPQ
|
| 050 |
|
4 |
|a HM1206-1211
|
| 082 |
0 |
|
|a 302.23
|
| 100 |
1 |
|
|a Baulch, Emma.
|
| 245 |
1 |
0 |
|a MHealth Innovation in Asia :
|b Grassroots Challenges and Practical Interventions.
|
| 250 |
|
|
|a 1st ed.
|
| 264 |
|
1 |
|a Dordrecht :
|b Springer Netherlands,
|c 2018.
|
| 264 |
|
4 |
|c Ã2018.
|
| 300 |
|
|
|a 1 online resource (138 pages)
|
| 336 |
|
|
|a text
|b txt
|2 rdacontent
|
| 337 |
|
|
|a computer
|b c
|2 rdamedia
|
| 338 |
|
|
|a online resource
|b cr
|2 rdacarrier
|
| 490 |
1 |
|
|a Mobile Communication in Asia: Local Insights, Global Implications Series
|
| 505 |
0 |
|
|a Intro -- Contents -- Editors and Contributors -- Abbreviations -- 1 Introduction: Social and Cultural Futures-The Everyday Use and Shifting Discourse of mHealth -- References -- 2 One Size Does Not Fit All: The Importance of Contextually Sensitive mHealth Strategies for Frontline Female Health Workers -- Abstract -- 2.1 Introduction -- 2.2 mHealth Implementation for Antenatal Care in Pakistan -- 2.2.1 Lady Health Workers: Primary Carers for Rural Mothers in Pakistan -- 2.2.2 Antenatal Care in Pakistan: Proposed mHealth Monitoring Solutions -- 2.2.2.1 Project Background -- 2.2.2.2 mHealth Solution: Overall Proposed Design -- 2.2.2.3 Project Implementation Setting -- 2.2.2.4 Project Team -- 2.2.3 Project Implementation Journey -- 2.2.3.1 Phase 1: Requirements Gathering -- 2.2.3.2 Phase 2: Initial Testing and User Training -- 2.2.3.3 Phase 3: Postlaunch User Feedback -- 2.3 The Way Forward -- 2.3.1 Incorporating Communication into mHealth Programs -- 2.3.1.1 Contextually Sensitive Technological Choices -- 2.3.1.2 Micro-level mHealth Promotion: Benefitting from Existing Technological Options -- 2.3.1.3 Incorporating Immaterial Labor Costs in Project Budgets -- 2.3.2 Macro-level Strategies for Increased Acceptance of LHWs -- 2.4 Conclusion -- References -- 3 The Path to Scale: Navigating Design, Policy, and Infrastructure -- Abstract -- 3.1 Introduction -- 3.2 Infrastructure: Creating a Balance Between Feasibility and Sustainability -- 3.3 Technology: The Right Tools for the Right Context -- 3.4 Institutional Partnerships -- 3.5 Human Resources -- 3.6 Policy -- 3.7 Financial Sustainability -- 3.7.1 Direct Government Financing -- 3.7.2 Alternative Ways of Sustainable Financing -- 3.7.3 Cost-Effectiveness -- 3.8 Interoperability: An Open Architecture Framework -- 3.9 User-Centered Design -- 3.10 Impact -- 3.11 Conclusion: The Path to Scale -- References.
|
| 505 |
8 |
|
|a 4 The Use of Mobile Phones in Rural Javanese Villages: Knowledge Production and Information Exchange Among Poor Women with Diabetes -- Abstract -- 4.1 Introduction -- 4.2 Traditional Gender Roles in Rural Java and Women's Autonomy -- 4.3 Mobile Phone and Health Needs Among Rural Village Women -- 4.4 Culture and Rural Women's Use of Mobile Phones -- 4.5 Text Message as an Alternative Communicative Space -- 4.6 Conclusion -- References -- 5 Identifying Grassroots Opportunities and Barriers to mHealth Design for HIV/AIDS Using a Communicative Ecologies Framework -- Abstract -- 5.1 Introduction -- 5.2 Problem Definition: Optimising Adherence to Therapy -- 5.3 Grassroots Opportunities -- 5.4 Grassroots Challenges -- 5.5 Aim, Sites of Investigation -- 5.6 Approach, Methods -- 5.7 Results: Denpasar Site -- 5.7.1 Usage -- 5.7.2 Impact of Mobiles on Work -- 5.7.3 Mobile Versus In-Person Interaction -- 5.7.4 Personal Connectivity -- 5.8 Results: Makassar Site -- 5.8.1 Usage -- 5.8.2 Impact of Mobiles on Work -- 5.8.3 Mobile Versus In-Person Interaction -- 5.8.4 Personal Connectivity -- 5.9 Conclusion -- 5.9.1 Health Infrastructure -- 5.9.2 FSW Client Mobility -- 5.9.3 Information Literacy -- 5.10 Conclusion -- 5.10.1 Limitations -- Acknowledgements -- References -- 6 mHealth, Health, and Mobility: A Culture-Centered Interrogation -- Abstract -- 6.1 Introduction -- 6.2 mHealth and Health Outcomes -- 6.3 mHealth and Community -- 6.4 mHealth and Hard-to-Reach Communities -- 6.5 mHealth, State, and Market -- 6.6 Conclusion -- References -- 7 Smart Health Facilitator: Chinese Consumers' Perceptions and Interpretations of Fitness Mobile Apps -- Abstract -- 7.1 Introduction -- 7.2 Gaps in the Literature -- 7.3 Methodology -- 7.4 Singular Versus Multiple Use -- 7.5 Apps that Afford Control Versus Apps that Constrain.
|
| 505 |
8 |
|
|a 7.6 Improved Quality of Life Versus Overdependence -- 7.7 Loneliness Versus Belonging -- 7.8 Conclusion -- References -- 8 Afterword: Reflections on a Decade of mHealth Innovation in Asia -- References.
|
| 588 |
|
|
|a Description based on publisher supplied metadata and other sources.
|
| 590 |
|
|
|a Electronic reproduction. Ann Arbor, Michigan : ProQuest Ebook Central, 2023. Available via World Wide Web. Access may be limited to ProQuest Ebook Central affiliated libraries.
|
| 655 |
|
4 |
|a Electronic books.
|
| 700 |
1 |
|
|a Watkins, Jerry.
|
| 700 |
1 |
|
|a Tariq, Amina.
|
| 776 |
0 |
8 |
|i Print version:
|a Baulch, Emma
|t MHealth Innovation in Asia
|d Dordrecht : Springer Netherlands,c2018
|z 9789402412505
|
| 797 |
2 |
|
|a ProQuest (Firm)
|
| 830 |
|
0 |
|a Mobile Communication in Asia: Local Insights, Global Implications Series
|
| 856 |
4 |
0 |
|u https://ebookcentral.proquest.com/lib/matrademy/detail.action?docID=5592289
|z Click to View
|